Koudilyante Arthasasthram (Record no. 41075)

MARC details
000 -LEADER
fixed length control field 00451nam a2200169Ia 4500
003 - CONTROL NUMBER IDENTIFIER
control field OSt
005 - DATE AND TIME OF LATEST TRANSACTION
control field 20220321073213.0
008 - FIXED-LENGTH DATA ELEMENTS--GENERAL INFORMATION
fixed length control field 211109s9999||||xx |||||||||||||| ||und||
040 ## - CATALOGING SOURCE
Transcribing agency sbcl
082 ## - DEWEY DECIMAL CLASSIFICATION NUMBER
Classification number 894.8124
Item number KVM-K
100 ## - MAIN ENTRY--PERSONAL NAME
Personal name K V M,
245 #0 - TITLE STATEMENT
Title Koudilyante Arthasasthram
260 ## - PUBLICATION, DISTRIBUTION, ETC.
Name of publisher, distributor, etc. Kerala Sahitya Akademi
Place of publication, distribution, etc. Trichur
Date of publication, distribution, etc. 1980
630 ## - SUBJECT ADDED ENTRY--UNIFORM TITLE
General subdivision GENERAL STACK
650 ## - SUBJECT ADDED ENTRY--TOPICAL TERM
Topical term or geographic name entry element MALAYALAM
942 ## - ADDED ENTRY ELEMENTS (KOHA)
Koha item type BOOK
650 ## - SUBJECT ADDED ENTRY--TOPICAL TERM
Form subdivision MALAYALAM LITERATURE
General subdivision MALAYALAM ESSAYGeneralia
Holdings
Withdrawn status Lost status Damaged status Not for loan Home library Current library Date acquired Cost, normal purchase price Total Checkouts Full call number Barcode Shelving location Date last seen Price effective from Koha item type
        SB LIBRARY SB LIBRARY 09/11/2021 60.00   894.8124 KVM-K 00082702 GENERAL STACK 09/11/2021 09/11/2021 BOOK

Powered by Koha